000 00367nam a22001457a 4500
999 _c9539
_d9539
003 OSt
005 20210702115939.0
008 210702b ||||| |||| 00| 0 eng d
020 _a9783038215370
082 _a690.24
_bWON
100 _aWong, Liliane
245 _a Adaptive reuse : extending the lives of buildings
260 _aBerlin
_bBirkhauser
_c2017
942 _2ddc